MARC

LEADER 00000nam0a2200000 4500
001 193181
005 20231031181730.0
035 |a (RuTPU)RU\TPU\book\210691 
090 |a 193181 
100 |a 20110319d1930 m y0rusy50 ca 
101 0 |a rus 
102 |a RU 
105 |a a z 000zy 
200 1 |a Приближенные вычисления  |f Я. Безикович, А. Фридман 
205 |a 2-е изд. 
210 |a Ленинград  |c Гостехиздат  |d 1930 
215 |a 187 с.  |c ил. 
225 1 |a Библиотека техника 
610 1 |a вычисления 
610 1 |a погрешности 
610 1 |a понятия 
610 1 |a арифметические действия 
610 1 |a выполнение 
610 1 |a логарифмическая линейка 
610 1 |a интерполирование 
610 1 |a уравнения 
610 1 |a гармоничный анализ 
675 |a 519.6  |v 3 
700 1 |a Безикович  |b Я. 
701 1 |a Фридман  |b А. 
801 1 |a RU  |b 63413507  |c 20110319 
801 2 |a RU  |b 63413507  |c 20140407  |g RCR 
942 |c BK